000 00314nam a22001337a 4500
008 181217b xxu||||| |||| 00| 0 eng d
020 _a9780415926348
041 _aeng
080 _a341
100 _a15
101 _aJUR
245 _aReadings For Diversity And Social Justice
_cAdams.M
942 _2udc
_cBK
999 _c53189
_d53189